The shipping industry of Japan

Uloženo v:
Podrobná bibliografie
Médium: Kniha
Jazyk:Undetermined
Vydáno: Tokyo The Japan Economic Federation 1940
Témata:
Tagy: Přidat tag
Žádné tagy, Buďte první, kdo otaguje tento záznam!
Thư viện lưu trữ: Trung tâm Học liệu Trường Đại học Cần Thơ
LEADER 00484nam a2200181Ia 4500
001 CTU_96688
008 210402s9999 xx 000 0 und d
082 |a 338.476 
082 |b S557 
245 4 |a The shipping industry of Japan 
245 4 |c The Japan Economic Federation 
260 |a Tokyo 
260 |b The Japan Economic Federation 
260 |c 1940 
650 |a Shipbuilding 
650 |z Japan 
904 |i Giang 
980 |a Trung tâm Học liệu Trường Đại học Cần Thơ